000 00537nam a2200181Ia 4500
005 20250508160050.0
008 008 250505s9999 xx 000 0 eng d
037 _aTextual
040 _aFEDL
_beng
_cFEDL
041 _aeng
_2eng
084 _a822, PHE
_qFEDL
100 _aPhelps Edith M
_9767888
245 0 _aBook and library of plays : For elementary and high school use Vol. 2
260 _aNew York, USA
_bThe H W Wilson Company
_c1941
300 _a265p.
942 _cTEXL
_h822, PHE
999 _c1361481
_d1361481